000 00543nam a2200205Ia 4500
003 OSt
005 20220926000427.0
006 a|||||r|||| 00| 0
007 ta
008 220923b |||||||| |||| 00| 0 eng d
037 _cGeneral Book
040 _aRTL
_cRTL
_beng
041 _2eng
_aeng
082 _aX:54.2.N8, N0
245 0 _aImpact of import liberalization on exports By Ind
260 _a New Delhi
_bIIFT
_c1990
300 _a86p
_ccm.
942 _hX:54.2.N8, N0
_cGB
_2CC
999 _c599027
_d599027